| 000 | 00530nam a22001817a 4500 | ||
|---|---|---|---|
| 999 |
_c192083 _d192083 |
||
| 005 | 20220912110411.0 | ||
| 010 | _aENG-135017 | ||
| 020 |
_a9788184664423 _c200.00 |
||
| 035 | _aEN-118549 | ||
| 037 | _bDBAD/PUB | ||
| 082 | _a181.499 | ||
| 100 | _aOberoi, Sabina | ||
| 245 |
_aConcepts & Illusions A Perspective/ _cSabina Oberoi |
||
| 260 |
_aPunjab _bRadha Soami Satsang Beas _c2016 |
||
| 270 |
_aDera Baba Jaimal Singh _bPunjab _e143204 |
||
| 300 |
_aix, 190p. _c22cm(pbk) |
||
| 942 |
_2ddc _cEN _h181.499 _mOBE |
||